书目信息 |
| 题名: |
遗传漫话
|
|
| 作者: | 潘重光 编著 | |
| 分册: | ||
| 出版信息: | 上海 上海教育出版社 1982 |
|
| 页数: | 146页 | |
| 开本: | 19cm | |
| 丛书名: | 中学生文库 | |
| 单 册: | ||
| 中图分类: | Q3-49 | |
| 科图分类: | ||
| 主题词: | 遗传学--中学读物--课外 | |
| 电子资源: | ||
| ISBN: | ||
| 000 | 00648nam2 2200253 45 | |
| 001 | 0182005606 | |
| 005 | 20060810111609.20 | |
| 010 | @dCNY0.35 | |
| 091 | @a7150.2675 | |
| 100 | @a19950524d1982 demy0chiy0121 ea | |
| 101 | 0 | @achi |
| 102 | @aCN@b310000 | |
| 105 | @ay z 000yy | |
| 200 | 10 | @a遗传漫话@Ayi chuan man hua@f潘重光编著 |
| 210 | @a上海@c上海教育出版社@d1982 | |
| 215 | @a146页@d19cm | |
| 225 | 2 | @a中学生文库 |
| 410 | 0 | @120010@a中学生文库 |
| 606 | @a遗传学@x中学读物@x课外 | |
| 690 | @aQ3-49@v3 | |
| 701 | 0 | @a潘重光@Apan chong guang@4编著 |
| 801 | 2 | @aCN@bNLC@c20060810 |
| 801 | 0 | @aCN@bTSSF |
| 905 | @a10447@dQ3-49@e44 | |
| 遗传漫话/潘重光编著.-上海:上海教育出版社,1982 |
| 146页;19cm.-(中学生文库) |
| ISBN :CNY0.35 |
| ● |
| 相关链接 |
|
|
|
|
正题名:遗传漫话
索取号:Q3-49/44
 
预约/预借
| 序号 | 登录号 | 条形码 | 馆藏地/架位号 | 状态 | 备注 |
| 1 | 0452143 | 204521437 | 密集书库/ [索取号:Q3-49/44] | 在馆 | |
| 2 | 0452235 | 204522356 | 密集书库/ [索取号:Q3-49/44] | 在馆 |